banner-ar

الفلسفة والحداثة فى المشروع الفكرى لعلى اومليل : (Record no. 59873)

MARC details
000 -الفاتح
حقل البيانات ثابتة الطول 00828nam a22002057a 4500
005 - وقت وتاريخ اخر تعامل مع التسجيلة
رقم الضبط 20240530110340.0
008 - عناصر البيانات ثابتة الطول - معلومات عامة
حقل البيانات ثابتة الطول 141110s2011 le gr 000 0 ara d
020 ## - الرقم الدولى المعيارى للكتب
الرقم الدولى المعيارى للكتاب 9789953824451
040 ## - مصدر الفهرسة
وكالة الفهرسة الأصلية EG-CaGPL
082 04 - رقم تصنيف ديوى العشرى
رقم الطبعة 21
رقم التصنيف 191
رقم المادة ت ف
100 0# - المدخل الرئيسى - إسم شخصى
الإسم الشخصى توفيق رشد
245 12 - بيان العنوان
العنوان الفلسفة والحداثة فى المشروع الفكرى لعلى اومليل :
بقية العنوان ندوة فكرية /
بيان المسئوليه,etc توفيق رشد [ واخ ،] ؛ تقديم المختار بنعبدلاوى
260 ## - PUBLICATION, DISTRIBUTION, ETC. (IMPRINT)
تاريخ النشر أو التوزيع 2011
300 ## - الوصف المادى
التعداد 127 ص ؛
أبعاد الوعاء 24 سم
600 04 - المدخل الاضافى بالموضوع-اسم شخصى
الإسم الشخصى ابن خلدون
650 ## - المدخل الاضافى بالموضوع-مصطلح موضوعى
مصطلح موضوعي الفلسفة العربية
700 0# - المدخل الاضافى - اسم شخصى
الإسم الشخصى المختار بنعبدلاوى
942 ## - عناصر المدخل الإضافي( كوها)
مصدر التصنيف او مخطط الترفيف Dewey Decimal Classification
Koha [default] item type كتاب
260 ## - PUBLICATION, DISTRIBUTION, ETC. (IMPRINT)
-- بيروت :
-- مركز دراسات الوحدة العربية ،
Holdings
حالة التراجع حالة الفقد حالة تلف ليس للاعارة المكان المؤقت الموقع الحالى تاريخ الاكتساب اجمالي اﻻعارات رقم الطلب الباركود تاريخ اخر مشاهدة تاريخ تفعيل السعر نوع وعاء كوها
        مكتبة القاهرة الكبرى مكتبة القاهرة الكبرى 11/10/2014   191 ت ف 158833 11/10/2014 11/10/2014 كتاب

Powered By

EGPV